Quizzes
Events
Quiz Creation
Community
Videos
Private Events
Remove Ads
Sign In
Join for FREE
Feedback
Dark Mode
Quiz Categories
Sports
Geography
Music
Movies
Television
Just For Fun
Miscellaneous
History
Literature
Language
Science
Gaming
Entertainment
Religion
Holiday
For Kids
Quiz Lab
Recent
Popular Today
Quiz Kudos Today
Editor Picks
Curator Picks
Quizzes by...
Day
Popularity
Type
Ratings
Length
Year
Community
Subscriptions
Recent Discussions
Orange Saloon
Badges
Playlists
Quests
Create
Leaderboards
Showdown
Live 5
Trivia Bingo
Activity
Puzzle Library
Sporcle Events
Private Events
Virtual Trivia
Globe League
Become a Host
Pub Owners
SporcleCon
Opinionation
Our Games
Videos
Blog
Mobile Apps
Partnerships
Remove Ads and Go Orange
Feedback
Literature
Harry Potter
A Song of Ice and Fire
The Hunger Games
Literary Character
Shakespeare
Book
Author
Novel
Poem
Young Adult
Children's Books
Play
Lord of the Rings
Literature
Harry Potter
A Song of Ice and Fire
The Hunger Games
Literary Character
Shakespeare
Book
Author
Novel
Poem
Young Adult
Children's Books
Play
Lord of the Rings
Random Quiz
Search Sporcle
×
Quiz Lab
Quiz Lab
Literature
Book
Type in answers that appear in a list
Type in answers that appear in a list
Classic
Best Score? Go Orange.
Stephen King Books of the 1990s Stats
Can you name the Stephen King Books of the 1990s?
By
twilightsparkle
10m
20 Questions
83 Plays
83 Plays
83 Plays
Comments
Comments
Give Quiz Kudos
Give Quiz Kudos
-
- Ratings
hide this ad
Replay
Link that replays current quiz
Next Quiz
Link to next quiz in quiz playlist
You Got
0%
They Got
Avg Score
61%
Avg Friend Score
Upgrade to see
Score Distribution
Jump to the score distribution portion of the page
Score
0/20
Timer
10:00
0
Plays Today
Date
Book
% Correct
91
Needful Things
73.5%
81
Cujo
73.5%
92
Gerald's Game
71.1%
87
Misery
71.1%
86
It
67.5%
96
Desperation
66.3%
93
Dolores Claiborne
66.3%
83
Christine
65.1%
94
Insomnia
63.9%
87
Tommyknockers
63.9%
Date
Book
% Correct
95
Rose Madder
62.7%
89
The Dark Half
60.2%
83
Pet Sematary
60.2%
98
Bag of Bones
57.8%
96
Green Mile
57.8%
80
Firestarter
51.8%
84
The Talisman
51.8%
87
Eyes of the Dragon
50.6%
99
The Girl Who Loved Tom Gordon
45.8%
85
Cycle of the Werewolf
42.2%
Quiz Playlist
Details
Report
Send in Message
Add To Playlist
Classic:
Type in answers that appear in a list
Last Updated: Mar 4, 2017
Quiz Scoreboard
CHALLENGE
Sign Up to Join the Scoreboard
Show All
Scores
Hide
Comments
May contain spoilers
Recently Published
Billboard Blitz: Fleetwood Mac
by CooCooCachoo
Music
15s
Presidents Visiting Landmarks
by Hejman
History
7m
An Introduction to Baseball
by treessimontrees
Sports
5m
More to Explore
Quiz From the Vault
Featured Blog Post
Where Did the Easter Bunny Come From?
hide this ad
You Might Also Like...
Tags
Book Quiz
Literary Character Quiz
1980s
1990s
fiction
fictional
Fictional Characters
past
Past 20
pasta
Stephen King
Today's Top Quizzes in Literature
Browse Literature
hide this ad
Today's Top Quizzes in Book
Browse Book
Top Contributed Quizzes in Literature
1
Sneaky Slytherin Logic Puzzle
2
Get The Picture: Black or White Literature
3
5-to-1: Plays
4
A Court of Thorns and Roses (ACoTaR) Logic Puzzle
5
One Thing in Common: Literature
6
One Thing in Common: Literature II
7
One Thing in Common: Books
8
One Thing in Common: Literature 3
9
Harry Potter Neighbourly Logic Puzzle #5
10
Literary Siblings Odd One Out III
Explore More
Trending Topics
Anime
NBA
Marvel
Disney
Crossword
Kpop
Harry Potter
NFL
WWE
Puzzle
Pokémon
Country
The Office
Soccer
Song
hide this ad
More By:
twilightsparkle
Quiz
Plays
Rating
Category
Featured
Created
Word Ladder: An Irate Internet Meme
9,303
3.90
Just For Fun
Feb 6, 2012
200 Rock and Metal Artists
3,455
3.03
Music
Dec 20, 2011
Numbers 1-10 Based on Chinese
2,239
2.25
Language
Nov 4, 2012
Runescape Cities
250
3.40
Geography
Nov 4, 2012
TV Show by Pet
89
4.00
Entertainment
Nov 4, 2012
Go to Creator's Profile
Score Distribution
Quiz Creator Spotlight
twilightsparkle
Follow
Send a Message
Quizzes Created
-
Created Quiz Play Count
-
More By This Creator
Popular Quizzes Today
1
Find the US States - No Outlines Minefield
2
Find the Countries of Europe - No Outlines Minefield
3
The Countries of the World
4
Find the US States
5
Risky Map Clicking: Biggest States A-Z
6
US States
7
Popular People in 1961
8
Movies - When Are They Set?
More Literature Quizzes
LOTR Characters by Death
Published
Trending Quizzes
Risky Map Clicking: Least Populous States A-Z
1-10 Letter G Words
1-10 Letter F Words
Risky Map Clicking: Next State Alphabetically
Risky Map Clicking: Biggest States A-Z
Recently Updated
Leaping Animals
pecheneg
Reality TV Shows (A-Z)
bhenderson79
Rickey Henderson's Hall of Fame Teammates
pecheneg
Champions League XIs: Arsenal
pecheneg
Quick Pick: Celebrities in WWE's Hall of Fame
aduchscher
A-Z Keypad Blitz II
pecheneg
Multiple Oscar Actors
pecheneg
Mystery Phrase Blitz: Oscar 'Best Actors'
pecheneg
F. Scott Fitzgerald Novels
LTH
Pick 3 Villains
ddd62291
Trending Topics
Marvel
Crossword
Anime
NBA
Disney
Kpop
Harry Potter
Soccer
Pokémon
The Office
Song
Country
NFL
WWE
Puzzle
Your Account Isn't Verified!
In order to create a playlist on Sporcle, you need to verify the email address you used during registration. Go to your
Sporcle Settings
to finish the process.
Report this User
Report this user for behavior that violates our
Community Guidelines
.
Details:
Send Report
Go to the Sporcle.com Mobile Site →
Comments